<?xml version="1.0" encoding="UTF-8"?>
<collection xmlns="http://www.loc.gov/MARC21/slim">
 <record>
  <leader>03040nam a2200313 a 4500</leader>
  <controlfield tag="001">1/44897</controlfield>
  <controlfield tag="008">140717s2004    us            001 0 eng  </controlfield>
  <datafield tag="020" ind1=" " ind2=" ">
   <subfield code="a">9781932266832</subfield>
  </datafield>
  <datafield tag="020" ind1=" " ind2=" ">
   <subfield code="a">1932266836</subfield>
  </datafield>
  <datafield tag="035" ind1=" " ind2=" ">
   <subfield code="l">47854</subfield>
  </datafield>
  <datafield tag="040" ind1=" " ind2=" ">
   <subfield code="a">OPELS</subfield>
   <subfield code="b">eng</subfield>
   <subfield code="c">OPELS</subfield>
   <subfield code="d">OCLCG</subfield>
   <subfield code="d">OCLCQ</subfield>
   <subfield code="d">OCLCF</subfield>
   <subfield code="d">GR-PeUP</subfield>
  </datafield>
  <datafield tag="245" ind1="0" ind2="0">
   <subfield code="a">Hardware hacking</subfield>
   <subfield code="h">[electronic resource] :</subfield>
   <subfield code="b">have fun while voiding your warranty /</subfield>
   <subfield code="c">Joe Grand, [technical editor] ; Ryan Russell, [contributor] ; and featuring Kevin D. Mitnick, technical reviewer ; foreword by Andrew &quot;Bunnie&quot; Huang.</subfield>
  </datafield>
  <datafield tag="260" ind1=" " ind2=" ">
   <subfield code="a">Rockland, MA :</subfield>
   <subfield code="b">Syngress Pub.,</subfield>
   <subfield code="c">c2004.</subfield>
  </datafield>
  <datafield tag="300" ind1=" " ind2=" ">
   <subfield code="a">1 online resource (xxxvii, 537 p.) :</subfield>
   <subfield code="b">ill.</subfield>
  </datafield>
  <datafield tag="520" ind1=" " ind2=" ">
   <subfield code="a">&quot;If I had this book 10 years ago, the FBI would never have found me!&quot;--Kevin Mitnick This book has something for everyone---from the beginner hobbyist with no electronics or coding experience to the self-proclaimed &quot;gadget geek.&quot; Take an ordinary piece of equipment and turn it into a personal work of art. Build upon an existing idea to create something better. Have fun while voiding your warranty! Some of the hardware hacks in this book include: * Don't toss your iPod away when the battery dies! Don't pay Apple the $99 to replace it! Install a new iPod battery yourself without Apple's &quot;help&quot; * An Apple a day! Modify a standard Apple USB Mouse into a glowing UFO Mouse or build a FireWire terabyte hard drive and custom case * Have you played Atari today? Create an arcade-style Atari 5200 paddle controller for your favorite retro videogames or transform the Atari 2600 joystick into one that can be used by left-handed players * Modern game systems, too! Hack your PlayStation 2 to boot code from the memory card or modify your PlayStation 2 for homebrew game development * Videophiles unite! Design, build, and configure your own Windows- or Linux-based Home Theater PC * Ride the airwaves! Modify a wireless PCMCIA NIC to include an external antenna connector or load Linux onto your Access Point * Stick it to The Man! Remove the proprietary barcode encoding from your CueCat and turn it into a regular barcode reader * Hack your Palm! Upgrade the available RAM on your Palm m505 from 8MB to 16MB Includes hacks of today's most popular gaming systems like Xbox and PS/2. Teaches readers to unlock the full entertainment potential of their desktop PC. Frees iMac owners to enhance the features they love and get rid of the ones they hate.</subfield>
  </datafield>
  <datafield tag="500" ind1=" " ind2=" ">
   <subfield code="a">Includes index.</subfield>
  </datafield>
  <datafield tag="650" ind1=" " ind2="4">
   <subfield code="a">Microcomputers</subfield>
   <subfield code="x">Maintenance and repair.</subfield>
  </datafield>
  <datafield tag="650" ind1=" " ind2="4">
   <subfield code="a">Microcomputers</subfield>
   <subfield code="x">Upgrading.</subfield>
  </datafield>
  <datafield tag="650" ind1=" " ind2="4">
   <subfield code="a">Computer input-output equipment.</subfield>
  </datafield>
  <datafield tag="650" ind1=" " ind2="4">
   <subfield code="a">Computer hackers.</subfield>
  </datafield>
  <datafield tag="650" ind1=" " ind2="4">
   <subfield code="a">Reverse engineering.</subfield>
  </datafield>
  <datafield tag="655" ind1=" " ind2="4">
   <subfield code="a">Electronic books.</subfield>
  </datafield>
  <datafield tag="700" ind1="1" ind2=" ">
   <subfield code="a">Grand, Joe.</subfield>
  </datafield>
  <datafield tag="700" ind1="1" ind2=" ">
   <subfield code="a">Russell, Ryan,</subfield>
   <subfield code="d">1969-</subfield>
  </datafield>
  <datafield tag="710" ind1="2" ind2=" ">
   <subfield code="a">Syngress Media, Inc.</subfield>
  </datafield>
  <datafield tag="852" ind1=" " ind2=" ">
   <subfield code="a">INST</subfield>
   <subfield code="b">UNIPILB</subfield>
   <subfield code="c">EBOOKS</subfield>
   <subfield code="e">20140717</subfield>
   <subfield code="p">00b47854</subfield>
   <subfield code="q">00b47854</subfield>
   <subfield code="t">ONLINE</subfield>
   <subfield code="y">0</subfield>
  </datafield>
  <datafield tag="856" ind1="4" ind2="0">
   <subfield code="3">ScienceDirect</subfield>
   <subfield code="u">http://www.sciencedirect.com/science/book/9781932266832</subfield>
  </datafield>
  <datafield tag="856" ind1="4" ind2=" ">
   <subfield code="d">/webopac/covers/03/47854_9781932266832.jpg</subfield>
  </datafield>
  <datafield tag="856" ind1="4" ind2=" ">
   <subfield code="d">/webopac/covers/03/47854_1932266836.jpg</subfield>
  </datafield>
 </record>
</collection>
